<?xml version="1.0" encoding="UTF-8"?>
<collection xmlns="http://www.loc.gov/MARC21/slim">
    <record>
        <controlfield tag="001">84422</controlfield>
        <controlfield tag="005">20191106163133.0</controlfield>
        <datafield tag="024" ind1="7" ind2=" ">
            <subfield code="2">doi</subfield>
            <subfield code="a">10.26754/c_agroing.2019.com.3361</subfield>
        </datafield>
        <datafield tag="037" ind1=" " ind2=" ">
            <subfield code="a">COMPON-2019-agri-3361</subfield>
        </datafield>
        <datafield tag="041" ind1=" " ind2=" ">
            <subfield code="a">spa</subfield>
        </datafield>
        <datafield tag="100" ind1=" " ind2=" ">
            <subfield code="a">Albisu, Luis Miguel</subfield>
            <subfield code="u">CITA (Centro de Investigación y Tecnología Agroalimentaria de Aragón)</subfield>
        </datafield>
        <datafield tag="245" ind1=" " ind2=" ">
            <subfield code="a">RICA (Red de Intercambio de Conocimiento Agroalimentario): un nuevo modo de trasferir conocimiento usando medios digitales (ricagroalimentacion.es)</subfield>
        </datafield>
        <datafield tag="260" ind1=" " ind2=" ">
            <subfield code="c">2019</subfield>
        </datafield>
        <datafield tag="506" ind1=" " ind2=" ">
            <subfield code="a">Access copy available to the general public</subfield>
            <subfield code="f">Unrestricted</subfield>
        </datafield>
        <datafield tag="520" ind1="3" ind2=" ">
            <subfield code="a">La transferencia de conocimientos es una sentida necesidad desde el sector público y el privado. Internet ha añadido nuevas posibilidades que es imprescindible explorar. La Red de Intercambio de Conocimiento Agroalimentario (RICA) recoge secciones relacionadas con la información y con el conocimiento. Las primeras atraen un gran flujo de visitas con lo que hace que muchos usuarios se familiaricen con los contenidos de la red. Sin embargo, el elemento diferencial son los contenidos relacionados con el conocimiento. De un total de 3 millones de visitas, en 2 años y con la plataforma en construcción, más de medio millón están relacionadas con el conocimiento. Mientras que la divulgación de los expertos se ha expandido de una manera creciente, las preguntas de los profesionales y usuarios del sector agroalimentario todavía son limitadas. El reconocimiento nacional e internacional de RICA es un buen indicativo de la trascendencia de la comunicación que se transmite. Palabras clave: intercambio conocimiento, sector agroalimentario, información, Internet </subfield>
        </datafield>
        <datafield tag="540" ind1=" " ind2=" ">
            <subfield code="9">info:eu-repo/semantics/openAccess</subfield>
            <subfield code="a">by-nc-nd</subfield>
            <subfield code="u">http://creativecommons.org/licenses/by-nc-nd/3.0/es/</subfield>
        </datafield>
        <datafield tag="655" ind1=" " ind2="4">
            <subfield code="a">Comunicación</subfield>
        </datafield>
        <datafield tag="700" ind1=" " ind2=" ">
            <subfield code="a">Yubero, Andrés</subfield>
            <subfield code="u">Colegio de Ingenieros Agrónomos de Aragón, Navarra y País Vasco</subfield>
        </datafield>
        <datafield tag="700" ind1=" " ind2=" ">
            <subfield code="a">Juan, Teresa</subfield>
        </datafield>
        <datafield tag="700" ind1=" " ind2=" ">
            <subfield code="a">Carracedo, Marta</subfield>
        </datafield>
        <datafield tag="700" ind1=" " ind2=" ">
            <subfield code="a">Santillán, Miguel Ángel</subfield>
        </datafield>
        <datafield tag="773" ind1=" " ind2=" ">
            <subfield code="d">Huesca</subfield>
            <subfield code="g">X Congreso Ibérico de Agroingeniería = X Congresso Ibérico de Agroengenharia : Libro de actas = Livro de atas</subfield>
        </datafield>
        <datafield tag="856" ind1="4" ind2=" ">
            <subfield code="s">232714</subfield>
            <subfield code="u">http://zaguan.unizar.es/record/84422/files/3361.pdf</subfield>
        </datafield>
        <datafield tag="909" ind1="C" ind2="O">
            <subfield code="o">oai:zaguan.unizar.es:84422</subfield>
            <subfield code="p">comunicaciones-ponencias</subfield>
        </datafield>
        <datafield tag="970" ind1=" " ind2=" ">
            <subfield code="a">COMPON-2019-agri-3361</subfield>
        </datafield>
        <datafield tag="980" ind1=" " ind2=" ">
            <subfield code="a">COMPON</subfield>
        </datafield>
    </record>

    
</collection>